[Event "FIN-ch"]
[Site "Helsinki"]
[Date "2023.04.08"]
[Round "2"]
[White "Lehto, Antti"]
[Black "Aalto, Patrik"]
[Result "0-1"]
[WhiteElo "2202"]
[BlackElo "2251"]
[PlyCount "50"]
[EventDate "2023.04.07"]
[EventType "swiss"]
[EventRounds "9"]
[EventCountry "FIN"]
[SourceTitle "CBM 213 Extra"]
[Source "ChessBase"]
[SourceDate "2023.05.31"]
[SourceVersion "1"]
[SourceVersionDate "2023.05.31"]
[SourceQuality "1"]

1. d4 Nf6 2. c4 e6 3. Nf3 c5 4. d5 b5 5. dxe6 fxe6 6. cxb5 d5 7. e3 Bd6 8. Nbd2 0-0 9. Be2 Bb7 10. 0-0 Nbd7 11. b3 Qe7 12. Qc2 Rac8 13. Bb2 Bb8 14. Rfd1 Ng4 15. h3 Nge5 16. Rac1 Bd6 17. Nxe5 Bxe5 18. Bxe5 Nxe5 19. Rf1 Rf6 20. Qd1 Rcf8 21. Rc2 d4 22. Nc4 Rg6 23. g3 Qh4 24. Bg4 Nxg4 25. gxh4 Nxe3+ 0-1

[Event "FIN-ch"]
[Site "Helsinki"]
[Date "2023.04.07"]
[Round "1"]
[White "Jarvenpaa, Jari"]
[Black "Lehto, Antti"]
[Result "1/2-1/2"]
[WhiteElo "2269"]
[BlackElo "2202"]
[PlyCount "71"]
[EventDate "2023.04.07"]
[EventType "swiss"]
[EventRounds "9"]
[EventCountry "FIN"]
[SourceTitle "CBM 213 Extra"]
[Source "ChessBase"]
[SourceDate "2023.05.31"]
[SourceVersion "1"]
[SourceVersionDate "2023.05.31"]
[SourceQuality "1"]

1. d4 Nf6 2. c4 e6 3. g3 d5 4. Nf3 dxc4 5. Bg2 c5 6. 0-0 Nc6 7. Ne5 Bd7 8. Na3 cxd4 9. Naxc4 Rc8 10. Qb3 Nxe5 11. Nxe5 Bc6 12. Nxc6 bxc6 13. Rd1 Bc5 14. Qc2 Nd7 15. b4 Bb6 16. Bb2 c5 17. bxc5 Bxc5 18. Qe4 Nf6 19. Qh4 0-0 20. Bxd4 Bxd4 21. Rxd4 Qb6 22. Rb4 Qc5 23. Rab1 Rfd8 24. Bf3 Qc2 25. e4 Qxa2 26. e5 Nd7 27. Rd1 Qa3 28. Bc6 Nf8 29. Rxd8 Rxd8 30. Kg2 Rc8 31. Be4 Qc3 32. Qf4 a5 33. Rb7 Rc7 34. Rb8 Rc8 35. Rb7 Rc7 36. Rb8 1/2-1/2

[Event "FIN-chT 2223"]
[Site "Finland"]
[Date "2022.11.12"]
[Round "6.2"]
[White "Lehto, Antti"]
[Black "Nokka, Risto"]
[Result "1-0"]
[WhiteElo "2195"]
[BlackElo "2199"]
[PlyCount "87"]
[EventDate "2022.09.24"]
[EventType "team-tourn"]
[EventRounds "11"]
[EventCountry "FIN"]
[SourceTitle "EXT 2024"]
[Source "ChessBase"]
[SourceDate "2023.10.10"]
[SourceVersion "1"]
[SourceVersionDate "2023.10.10"]
[SourceQuality "1"]
[WhiteTeam "Helsinki HSK"]
[BlackTeam "Joensuu SK"]
[WhiteTeamCountry "FIN"]
[BlackTeamCountry "FIN"]

1. d4 Nf6 2. Nf3 g6 3. c4 c5 4. Nc3 Bg7 5. d5 0-0 6. e4 d6 7. Be2 b5 8. cxb5 a6 9. 0-0 axb5 10. Bxb5 Ba6 11. Re1 Bxb5 12. Nxb5 Na6 13. Bd2 Qb6 14. a4 Nd7 15. Bc3 f6 16. Nd2 Nc7 17. Nc4 Qb8 18. Nxc7 Qxc7 19. a5 Ra6 20. f4 Qb8 21. Qa4 Qb7 22. Rad1 Rb8 23. Re2 Qb3 24. Qxb3 Rxb3 25. g3 Ra7 26. Kg2 Kf8 27. h3 Ra6 28. g4 Ra7 29. f5 Bh6 30. Rf2 Bg5 31. Rf3 Ke8 32. Be1 Rxf3 33. Kxf3 Ne5+ 34. Nxe5 fxe5 35. h4 Bf4 36. Bc3 Kf7 37. Ra1 Ra6 38. Ra3 gxf5 39. exf5 Bh2 40. Rb3 Bg1 41. Rb7 Bd4 42. Bd2 c4 43. g5 Kf8 44. Ke4 1-0

[Event "FIN-chT 1718"]
[Site "Finland"]
[Date "2017.12.03"]
[Round "6.1"]
[White "Sammalvuo, Tapani"]
[Black "Lehto, Antti"]
[Result "1-0"]
[WhiteElo "2419"]
[BlackElo "2201"]
[PlyCount "149"]
[EventDate "2017.09.16"]
[EventType "team-tourn"]
[EventRounds "11"]
[EventCountry "FIN"]
[SourceTitle "EXT 2019"]
[Source "ChessBase"]
[SourceDate "2018.10.10"]
[SourceVersion "1"]
[SourceVersionDate "2018.10.10"]
[SourceQuality "1"]
[WhiteTeam "Helsinki SSK"]
[BlackTeam "Helsinki HSK"]
[WhiteTeamCountry "FIN"]
[BlackTeamCountry "FIN"]

1. d4 Nf6 2. c4 e6 3. g3 d5 4. Nf3 dxc4 5. Bg2 a6 6. 0-0 Nc6 7. e3 Bd7 8. Ne5 Nxe5 9. dxe5 Nd5 10. Qg4 h5 11. Qe2 b5 12. Rd1 c6 13. b3 cxb3 14. axb3 Qc7 15. Bb2 Bb4 16. Rc1 Qb7 17. Nd2 Bxd2 18. Qxd2 h4 19. e4 Ne7 20. Qg5 hxg3 21. hxg3 Ng6 22. Bd4 c5 23. Bxc5 Bc6 24. Re1 Rd8 25. b4 Rh7 26. Bd6 Rd7 27. Bf3 Ne7 28. g4 Nc8 29. Rad1 Qb6 30. Bc5 Qd8 31. Qf4 Rxd1 32. Rxd1 Qc7 33. Qg5 Bd7 34. Qd2 Bc6 35. Qd4 Rh3 36. Bg2 Rh4 37. f3 Rh8 38. Bf1 Rg8 39. Be2 Rh8 40. Kg2 Rh7 41. f4 g6 42. Bf3 Rh8 43. Rd3 Rh7 44. Qa1 Bb7 45. Qd4 Rh8 46. Bd1 Rh7 47. Rd2 Rh8 48. Kg3 Rh7 49. Bf3 Rh8 50. Rd1 Rh7 51. Rd3 Rh8 52. Bg2 Bc6 53. Bh3 Bd7 54. Kf2 Ne7 55. Qd6 Qxd6 56. exd6 Nc6 57. Ra3 Bc8 58. g5 Bb7 59. Kg3 Kd7 60. Rf3 Ra8 61. f5 Nd8 62. fxg6 fxg6 63. Rf6 a5 64. Rxg6 Bxe4 65. Rg7+ Kc6 66. g6 axb4 67. Rc7+ Kd5 68. g7 Ra3+ 69. Kf2 Ra2+ 70. Kg3 Ra3+ 71. Kf2 Ra2+ 72. Kg1 Ra1+ 73. Bf1 Bh7 74. Bxb4 Nc6 75. d7 1-0

[Event "FIN-chT1A 1617"]
[Site "Finland"]
[Date "2017.02.05"]
[Round "7.2"]
[White "Lehto, Antti"]
[Black "Zwardon, Vojtech"]
[Result "1/2-1/2"]
[WhiteElo "2196"]
[BlackElo "2413"]
[PlyCount "95"]
[EventDate "2016.09.17"]
[EventType "team-tourn"]
[EventRounds "7"]
[EventCountry "FIN"]
[SourceTitle "EXT 2019"]
[Source "ChessBase"]
[SourceDate "2018.10.10"]
[SourceVersion "1"]
[SourceVersionDate "2018.10.10"]
[SourceQuality "1"]
[WhiteTeam "Helsinki HSK"]
[BlackTeam "Sastamala VammSK"]
[WhiteTeamCountry "FIN"]
[BlackTeamCountry "FIN"]

1. d4 Nf6 2. c4 e6 3. Nf3 c5 4. d5 b5 5. dxe6 fxe6 6. cxb5 a6 7. e3 d5 8. b3 Bd6 9. Bb2 0-0 10. Nbd2 Qe7 11. a4 Bb7 12. Qc2 e5 13. e4 Nxe4 14. Nxe4 dxe4 15. Nd2 e3 16. Qc4+ Kh8 17. fxe3 axb5 18. axb5 Rxa1+ 19. Bxa1 e4 20. Qc3 Nd7 21. Nc4 Bb8 22. g3 Nf6 23. Be2 Nd5 24. Qc1 Nb4 25. Rf1 Rd8 26. Bc3 Na2 27. Qb2 Nxc3 28. Qxc3 Qg5 29. Rf2 Bd5 30. Nd2 Qe7 31. Bc4 Be5 32. Qc2 Ba8 33. Rf7 Qd6 34. Nf1 Bf6 35. Ke2 Bd5 36. Ra7 h6 37. Kf2 Be5 38. Bxd5 Qxd5 39. Qc4 Qd1 40. Rf7 Bf6 41. b6 Qf3+ 42. Kg1 Rd1 43. Rf8+ Kh7 44. b7 Qxe3+ 45. Kg2 Qf3+ 46. Kh3 Qh5+ 47. Kg2 Qf3+ 48. Kh3 1/2-1/2

[Event "FIN-chT 1516"]
[Site "Finland"]
[Date "2015.10.10"]
[Round "3.2"]
[White "Lehto, Antti"]
[Black "Sepp, Olav"]
[Result "1/2-1/2"]
[WhiteElo "2200"]
[BlackElo "2427"]
[PlyCount "79"]
[EventDate "2015.09.12"]
[EventType "team-tourn"]
[EventRounds "11"]
[EventCountry "FIN"]
[SourceTitle "EXT 2017"]
[Source "ChessBase"]
[SourceDate "2016.10.25"]
[SourceVersion "1"]
[SourceVersionDate "2016.10.25"]
[SourceQuality "1"]
[WhiteTeam "Helsinki HSK"]
[BlackTeam "Vantaa EtVaS"]
[WhiteTeamCountry "FIN"]
[BlackTeamCountry "FIN"]

1. d4 Nf6 2. c4 g6 3. Nc3 Bg7 4. e4 d6 5. Nf3 0-0 6. Be2 e5 7. 0-0 c6 8. Be3 Nbd7 9. d5 c5 10. Ne1 Ne8 11. Nd3 Qe7 12. f3 f5 13. Bd2 Ndf6 14. a3 f4 15. g4 h5 16. h3 Nh7 17. Kg2 Bf6 18. Rh1 Bh4 19. Be1 Bd7 20. Bxh4 Qxh4 21. Qe1 Qf6 22. Qf2 Rf7 23. b4 b6 24. b5 Nc7 25. a4 Raf8 26. Kf1 Qh8 27. Ke1 Ng5 28. Kd2 Rh7 29. Qg2 hxg4 30. hxg4 Rff7 31. Nf2 a5 32. Rxh7 Rxh7 33. Rh1 Ne8 34. Rxh7 Qxh7 35. Ke1 Qh4 36. Kf1 Nf6 37. Kg1 Kg7 38. Qh2 Qxh2+ 39. Kxh2 Kh6 40. Kg2 1/2-1/2

[Event "FIN-chT 1415"]
[Site "Finland"]
[Date "2014.11.16"]
[Round "6.3"]
[White "Luukkonen, Tommi"]
[Black "Lehto, Antti"]
[Result "1-0"]
[WhiteElo "2327"]
[BlackElo "2185"]
[PlyCount "63"]
[EventDate "2014.09.27"]
[EventType "team-tourn"]
[EventRounds "11"]
[EventCountry "FIN"]
[SourceTitle "EXT 2016"]
[Source "ChessBase"]
[SourceDate "2015.10.08"]
[SourceVersion "1"]
[SourceVersionDate "2015.10.08"]
[SourceQuality "1"]
[WhiteTeam "Jyvaskyla JyS"]
[BlackTeam "Helsinki HSK"]
[WhiteTeamCountry "FIN"]
[BlackTeamCountry "FIN"]

1. d4 Nf6 2. c4 e6 3. g3 d5 4. Bg2 Be7 5. Nf3 0-0 6. 0-0 c6 7. Qc2 b6 8. Nbd2 Bb7 9. Rd1 Nbd7 10. e4 Nxe4 11. Nxe4 dxe4 12. Qxe4 Rc8 13. Bf4 Re8 14. Qc2 a6 15. c5 Nf6 16. Ne5 Nd5 17. Bd2 b5 18. a4 Ra8 19. Be4 f5 20. Bg2 Bf6 21. Re1 Bxe5 22. Rxe5 Qd7 23. Rae1 Rac8 24. Ba5 Rb8 25. Qe2 Kf7 26. Bd2 Rbc8 27. g4 g6 28. Bg5 Rb8 29. gxf5 gxf5 30. Bxd5 cxd5 31. Kh1 Kg6 32. Rg1 1-0

[Event "FIN-chT1 West 1314"]
[Site "Finland"]
[Date "2014.01.11"]
[Round "5.3"]
[White "Lehto, Antti"]
[Black "Hytonen, Harri"]
[Result "1-0"]
[WhiteElo "2162"]
[BlackElo "2075"]
[PlyCount "89"]
[EventDate "2013.09.21"]
[EventType "team-tourn"]
[EventRounds "9"]
[EventCountry "FIN"]
[SourceTitle "EXT 2022"]
[Source "ChessBase"]
[SourceDate "2021.10.06"]
[SourceVersion "1"]
[SourceVersionDate "2021.10.06"]
[SourceQuality "1"]
[WhiteTeam "Helsinki HSK"]
[BlackTeam "Helsinki I-HSK"]
[WhiteTeamCountry "FIN"]
[BlackTeamCountry "FIN"]

1. d4 d5 2. c4 e6 3. Nf3 Nd7 4. e3 Ngf6 5. Nc3 c6 6. Bd3 Bd6 7. 0-0 0-0 8. e4 dxe4 9. Nxe4 Nxe4 10. Bxe4 Nf6 11. Bd3 c5 12. dxc5 Bxc5 13. Qe2 b6 14. Bg5 Bb7 15. Rad1 Qc7 16. Bxf6 gxf6 17. Be4 Rad8 18. Bxb7 Qxb7 19. Nd2 f5 20. Qh5 Qe7 21. Nf3 Qf6 22. Qg5+ Qxg5 23. Nxg5 e5 24. g3 e4 25. Kg2 Bd4 26. b3 Rfe8 27. Nh3 Be5 28. Rfe1 Bc3 29. Rxd8 Rxd8 30. Re2 Bd2 31. f3 exf3+ 32. Kxf3 Rd3+ 33. Kg2 Kg7 34. Rf2 Kg6 35. Re2 Kf6 36. Ng1 Bc3 37. Nf3 Bb4 38. Ne5 Rd2 39. Rxd2 Bxd2 40. Nf3 Be3 41. Kf1 Bc5 42. Ke2 h6 43. Kd3 Bf2 44. b4 h5 45. Ke2 1-0

[Event "FIN-ch op"]
[Site "Naantali"]
[Date "2013.07.03"]
[Round "4"]
[White "Lehto, Antti"]
[Black "Hurme, Harri M"]
[Result "1-0"]
[WhiteElo "2145"]
[BlackElo "2196"]
[PlyCount "139"]
[EventDate "2013.07.01"]
[EventType "swiss"]
[EventRounds "9"]
[EventCountry "FIN"]
[SourceTitle "EXT 2014"]
[Source "ChessBase"]
[SourceDate "2013.11.20"]
[SourceVersion "1"]
[SourceVersionDate "2013.11.20"]
[SourceQuality "1"]

1. d4 d5 2. c4 Nc6 3. Nc3 dxc4 4. d5 Ne5 5. Qd4 Ng6 6. Qxc4 a6 7. Nf3 e6 8. Ng5 exd5 9. Nxd5 Bd6 10. Nb6 Ne5 11. Qa4+ Bd7 12. Nxd7 Qxd7 13. Qxd7+ Kxd7 14. Bd2 h6 15. Ne4 f5 16. Nxd6 cxd6 17. g3 Nf6 18. Bh3 Ke6 19. 0-0 Ne4 20. Be3 Rac8 21. Rfc1 Rc6 22. Bg2 d5 23. Bd4 Rg8 24. f3 Nf6 25. Rc3 Rxc3 26. Bxc3 Nc6 27. e3 g5 28. Rd1 Nd7 29. e4 Nb6 30. Bh3 dxe4 31. fxe4 g4 32. exf5+ Kxf5 33. Rf1+ Ke6 34. Rf6+ Ke7 35. Bg2 Na4 36. Rxh6 Nxc3 37. bxc3 Ne5 38. Rh7+ Kf6 39. Rxb7 Rd8 40. Rb6+ Kf5 41. Rxa6 Rd1+ 42. Kf2 Rd2+ 43. Kf1 Rc2 44. Ra4 Rc1+ 45. Kf2 Rc2+ 46. Kg1 Rc1+ 47. Bf1 Rc2 48. Rf4+ Kg5 49. h4+ Kh6 50. Bg2 Rxc3 51. Re4 Rc5 52. Re1 Ra5 53. Re2 Kg6 54. Be4+ Kf6 55. Kf2 Ra3 56. Kg2 Nc4 57. Kf2 Ne5 58. Bb1 Nc4 59. Be4 Ne5 60. Bd5 Rd3 61. Bb3 Rf3+ 62. Kg2 Rc3 63. Rf2+ Ke7 64. Rf5 Kd6 65. h5 Rc7 66. h6 Rh7 67. Rh5 Nd7 68. Bg8 Rh8 69. h7 Ke7 70. Rf5 1-0

[Event "FIN-chT 1213"]
[Site "Finland"]
[Date "2012.11.18"]
[Round "7.5"]
[White "Lehto, Antti"]
[Black "Issakainen, Ari"]
[Result "1/2-1/2"]
[WhiteElo "2145"]
[BlackElo "2212"]
[PlyCount "90"]
[EventDate "2012.09.28"]
[EventType "team-tourn"]
[EventRounds "11"]
[EventCountry "FIN"]
[SourceTitle "CBM 151 Extra"]
[Source "ChessBase"]
[SourceDate "2012.12.18"]
[SourceVersion "1"]
[SourceVersionDate "2012.12.18"]
[SourceQuality "1"]
[WhiteTeam "Helsinki HSK"]
[BlackTeam "Helsinki Aatos"]
[WhiteTeamCountry "FIN"]
[BlackTeamCountry "FIN"]

1. d4 Nf6 2. c4 b6 3. Nc3 Bb7 4. d5 e6 5. a3 Bd6 6. Nf3 0-0 7. e4 Re8 8. Be2 exd5 9. exd5 c6 10. Bg5 h6 11. Bh4 Na6 12. 0-0 Nc7 13. dxc6 dxc6 14. Bg3 Bxg3 15. hxg3 Qe7 16. Qc2 Ne6 17. Bd3 Rad8 18. Rfe1 Qc7 19. Bf5 Bc8 20. Rad1 g6 21. Bh3 Kg7 22. Rxd8 Rxd8 23. Rd1 Re8 24. Nb1 Bb7 25. Bxe6 Rxe6 26. Qc3 Kh7 27. Nbd2 Qe7 28. Qc1 Ng4 29. Rf1 c5 30. Re1 Ne5 31. Nxe5 Rxe5 32. Rxe5 Qxe5 33. Nf1 f5 34. Ne3 g5 35. Qd2 Bc6 36. Nd1 Qe4 37. Ne3 f4 38. gxf4 gxf4 39. Nd5 Qxc4 40. Nxf4 Qe4 41. Qd6 Be8 42. Nd5 Qe1+ 43. Kh2 Bf7 44. Nf6+ Kg7 45. Ng4 Qe6 1/2-1/2

[Event "FIN-chT 1112"]
[Site "Finland"]
[Date "2011.11.20"]
[Round "6.7"]
[White "Lehto, Antti"]
[Black "Porrasmaa, Timo"]
[Result "1/2-1/2"]
[WhiteElo "2132"]
[BlackElo "2124"]
[PlyCount "28"]
[EventDate "2011.09.17"]
[EventType "team-tourn"]
[EventRounds "11"]
[EventCountry "FIN"]
[SourceTitle "EXT 2013"]
[Source "ChessBase"]
[SourceDate "2012.11.22"]
[SourceVersion "1"]
[SourceVersionDate "2012.11.22"]
[SourceQuality "1"]
[WhiteTeam "Helsinki HSK"]
[BlackTeam "Joensuu SK"]
[WhiteTeamCountry "FIN"]
[BlackTeamCountry "FIN"]

1. d4 d6 2. Nf3 Nf6 3. c4 g6 4. Nc3 Bf5 5. g3 Ne4 6. Nxe4 Bxe4 7. Bg2 Bg7 8. 0-0 0-0 9. d5 Qc8 10. Nd4 Bxg2 11. Kxg2 c6 12. e4 Nd7 13. Rb1 cxd5 14. cxd5 Qc4 1/2-1/2

[Event "Helsinki We Garde 9th Group A"]
[Site "Helsinki"]
[Date "2011.11.??"]
[Round "3"]
[White "Banas, Jan"]
[Black "Lehto, Antti"]
[Result "1-0"]
[WhiteElo "2306"]
[BlackElo "2132"]
[PlyCount "65"]
[EventDate "2011.11.09"]
[EventType "swiss"]
[EventRounds "5"]
[EventCountry "FIN"]
[SourceTitle "EXT 2022"]
[Source "ChessBase"]
[SourceDate "2021.10.06"]
[SourceVersion "1"]
[SourceVersionDate "2021.10.06"]
[SourceQuality "1"]

1. c4 Nf6 2. Nc3 c5 3. Nf3 e6 4. e3 Nc6 5. d4 d5 6. cxd5 exd5 7. Be2 a6 8. 0-0 Bd6 9. dxc5 Bxc5 10. b3 0-0 11. Bb2 Be6 12. Rc1 Qd6 13. Na4 Ba7 14. Bxf6 gxf6 15. g3 Rfd8 16. Nd4 Rac8 17. Nxc6 Rxc6 18. Rxc6 Qxc6 19. Bf3 Qc7 20. Nb2 d4 21. exd4 Rxd4 22. Qe2 Qd7 23. Rd1 f5 24. Rxd4 Bxd4 25. Nd3 a5 26. Nf4 b6 27. Kg2 Qd6 28. Qb5 Qd7 29. Bc6 Qd6 30. Bd5 Kf8 31. Qc4 Be5 32. Bxe6 Bxf4 33. Bxf5 1-0

[Event "FIN-chT1B 1112"]
[Site "Finland"]
[Date "2011.10.15"]
[Round "2"]
[White "Lehto, Antti"]
[Black "Haataja, Riku"]
[Result "1/2-1/2"]
[WhiteElo "2132"]
[BlackElo "2145"]
[PlyCount "79"]
[EventDate "2011.09.17"]
[EventType "team-tourn"]
[EventRounds "7"]
[EventCountry "FIN"]
[SourceTitle "EXT 2019"]
[Source "ChessBase"]
[SourceDate "2018.10.10"]
[SourceVersion "1"]
[SourceVersionDate "2018.10.10"]
[SourceQuality "1"]
[WhiteTeam "Helsinki HSK II"]
[BlackTeam "Raahe Li"]
[WhiteTeamCountry "FIN"]
[BlackTeamCountry "FIN"]

1. d4 d5 2. c4 e6 3. Nc3 Be7 4. Nf3 Nf6 5. cxd5 exd5 6. Bf4 c6 7. e3 Bf5 8. h3 0-0 9. Bd3 Bxd3 10. Qxd3 Nbd7 11. 0-0 Re8 12. Ne5 Nxe5 13. Bxe5 Bd6 14. Bxd6 Qxd6 15. Qf5 g6 16. Qf3 Ne4 17. Nxe4 Rxe4 18. Rfc1 f5 19. g3 Rf8 20. h4 Qf6 21. Kg2 g5 22. hxg5 Qxg5 23. Kf1 Kh8 24. Re1 Rf6 25. Rad1 Qh6 26. Rd3 Qh3+ 27. Qg2 Qh6 28. Qf3 Qh3+ 29. Qg2 Qh6 30. Rc3 Qh5 31. f3 Re7 32. Kf2 Qe8 33. f4 Rg7 34. Rh1 Rfg6 35. Rh3 Qe6 36. Qf3 Rh6 37. Rxh6 Qxh6 38. Rc1 Qe6 39. Rh1 Re7 40. Rh4 1/2-1/2